000 00320nam a22001457a 4500
008 210224b ||||| |||| 00| 0 eng d
020 _a082039504735
041 _aeng
080 _a004
082 _a004
100 _a28
101 _aSHKI
245 _aPHP 5 Fast&Easy Web Development
_cMeloni. J
942 _2udc
_cBK
999 _c55139
_d55139